Encantos / (Record no. 196)

MARC details
000 -LÍDER
campo de controle de tamanho fixo 01484nam a2200325 4500
001 - NÚMERO DE CONTROLE
campo de controle 196
003 - IDENTIFICADOR DO NÚMERO DE CONTROLE
campo de controle OSt
005 - DATA E HORÁRIO DA ÚLTIMA TRANSAÇÃO
campo de controle 20250528074014.0
008 - CAMPO DE DADOS FIXOS--INFORMAÇÃO GERAL
campo de controle de tamanho fixo 250203b |||||||g |||| 00| 1 eng d
020 ## - ISBN - INTERNATIONAL STANDARD BOOK NUMBER
ISBN - International Standard Book Number 9788576874386
040 ## - FONTE DA CATALOGAÇÃO
Idioma da catalogação por
041 ## - CÓDIGO DE IDIOMA
Código do idioma do original e/ou traduções intermediárias do texto eng
Código do idioma do texto/trilha sonora ou título diferente por
082 ## - CDD - CLASSIFICAÇÃO DECIMAL DE DEWEY
Número de Classificação 813
Número do exemplar D353e
100 1# - ENTRADA PRINCIPAL--NOME PESSOAL
Nome pessoal Delinsky, Barbara,
Datas associadas ao nome 1945-
9 (RLIN) 360
240 ## - TÍTULO UNIFORME
Título uniforme The Dreams unfolds
245 ## - TÍTULO
Título Encantos /
Indicação de responsabilidade, etc. Delinsky, Barbara ; Tradução de Eliane Fraga
260 ## - PUBLICAÇÃO, DISTRIBUIÇÃO, ETC.
Local de publicação, distribuição, etc. Rio de Janeiro
Nome do editor, distribuidor, etc. Harlequin
Data da publicação, distribuição, etc. 2007
300 ## - DESCRIÇÃO FÍSICA
Extensão 279 p.
490 1# - TÍTULO DA SÉRIE
Título da série Trilogia da Esperança
Número do volume ou designação sequencial da série vol. 02
520 ## - NOTA DE RESUMO, ETC.
Resumo, etc. Crosslyn Rise ainda viverá muitos dias de glória. Ao aceitar que a propriedade se transforme em um condomínio com vista para o mar, Jéssica Crosslyn dá o primeiro passo para que suas raízes continuem vivas, e que possam gerar belos frutos.<br/><br/>Para a construção, é contratado o empreiteiro Gideon Lowe. Ele é do tipo que, faça chuva ou faça sol, não deixa o serviço atrasar um minuto sequer. E tudo vai bem até a chegada da designer de interiores Christine Gilles ao canteiro de obras.<br/><br/>Ela é uma mulher independente, fascinante...e que abala os nervos de Gideon com sua presença perturbadora.
650 #0 - ASSUNTO--TERMO TÓPICO
Cabeçalho tópico ou nome geográfico Literatura Americana
9 (RLIN) 84
650 #0 - ASSUNTO--TERMO TÓPICO
Cabeçalho tópico ou nome geográfico Chick Lit
9 (RLIN) 363
650 #0 - ASSUNTO--TERMO TÓPICO
Cabeçalho tópico ou nome geográfico Amor e Paixão
9 (RLIN) 25
650 #0 - ASSUNTO--TERMO TÓPICO
Cabeçalho tópico ou nome geográfico Familia
9 (RLIN) 35
655 #0 - TERMO DE ÍNDICE--GÊNERO E FORMA
Gênero/forma/ou termo foco Romance
655 #0 - TERMO DE ÍNDICE--GÊNERO E FORMA
Gênero/forma/ou termo foco Ficção
700 ## - ENTRADA ADICIONADA - NOME PESSOAL
Nome pessoal Eliane Fraga
Função do autor por extenso Tradutor
9 (RLIN) 361
830 ## - ENTRADA SECUNDÁRIA DE SÉRIE--TÍTULO UNIFORME
Título uniforme Trilogia da Esperança
Número do volume ou designação sequencial da série vol. 02
9 (RLIN) 362
942 ## - ELEMENTOS DE ENTRADA ADICIONADOS (KOHA)
Fonte de classificação ou esquema de arquivamento Classificação decimal de Dewey
Ocultar no OPAC Não
Tipo de material Koha Livros
Holdings
Situação do descarte Situação das perdas Fonte de classificação ou esquema de arquivamento Materiais especificados (volume encadernado ou outra parte) Status danificado Não pode ser emprestado Coleção Biblioteca de origem Biblioteca atual Localização na estante Data de aquisição Fonte de aquisição Total de empréstimos Número de chamada completo Código de barras Data de último acesso Data do preço efetivo Tipo de material Koha
    Classificação decimal de Dewey vol. 02     Ficção Biblioteca Professor Eduardo Afonso de Castro Biblioteca Professor Eduardo Afonso de Castro Literatura Estrangeira 19.12.2013 doação   813 / D353e 2025-14851 31.01.2025 31.01.2025 Livros

Powered by Koha